Znani Polacy - Statystyki

Ogólne statystyki
  • Ten quiz został rozwiązany 59 razy
  • Średni wynik to 29 z 50
Statystyki odpowiedzi
Obrazkowy Odpowiedź % Poprawnych
Donald Tusk
98%
Jan Paweł II
98%
Maria Skłodowska Curie
98%
Robert Lewandowski
98%
Adam Małysz
96%
Iga Świątek
96%
Lech Wałęsa
96%
Mikołaj Kopernik
96%
Bronisław Piłsudski
94%
Fryderyk Chopin
94%
Józef Piłsudski
94%
Robert Kubica
94%
Adam Mickiewicz
92%
Cezary Pazura
90%
Aleksander Kwaśniewski
86%
Zbigniew Boniek
86%
Kamil Stoch
84%
Olga Tokarczuk
82%
Wisława Szymborska
80%
Bolesław Chrobry
78%
Agnieszka Radwańska
72%
Anita Włodarczyk
64%
Kazimierz Deyna
64%
Piotr Adamczyk
64%
Piotr Zieliński
62%
Roman Polański
62%
Tadeusz Kościuszko
58%
Ignacy Paderewski
56%
Maciej Stuhr
56%
Bolesław Prus
52%
Henryk Sienkiewicz
50%
Jan III Sobieski
50%
Daniel Olbrychski
46%
Stanisław Lem
44%
Czesław Miłosz
34%
Irena Sendlerowa
32%
Zbigniew Cybulski
28%
Krzysztof Kieślowski
22%
Andrzej Wajda
20%
Ignacy Łukasiewicz
16%
Jan Heweliusz
16%
Zbigniew Brzeziński
14%
Władysław Szpilman
12%
Ryszard Kapuściński
10%
Krzysztof Komeda
6%
Henryk Wieniawski
4%
Ludwik Zamenhof
4%
Maksymilian Faktorowicz
4%
Stefan Banach
4%
Artur Rubinstein
2%
Nie znaleziono quizów pasujących do podanych kryteriów
Rozkład punktacji
Procent ludzi z każdym wynikiem
Percentyl według liczby udzielonych odpowiedzi
Twoja historia wyników
Nie rozwiązałeś tego quizu